Managing Information technology

Gespeichert in:
Bibliographische Detailangaben
1. Verfasser:  DeHayes, Brow
Format: Sách
Sprache:Undetermined
Veröffentlicht:  CoPrentice Hall  2014
Schlagworte:
Tags: Tag hinzufügen
Keine Tags, Fügen Sie den ersten Tag hinzu!
Thư viện lưu trữ: Trung tâm Thư viện - Trường Đại học Công nghiệp TP. Hồ Chí Minh
LEADER 00495nam a2200157Ia 4500
001 UIH_02700
008 231011s9999 xx 000 0 und d
082 |a  658.4038 
100 |a  DeHayes, Brow 
245 0 |a  Managing Information technology 
245 0 |c  DeHayes, Brow 
260 |b  CoPrentice Hall 
260 |c  2014 
650 |a  Quản lý hệ thống thông tin;  
927 |a Sách 
980 |a Trung tâm Thư viện - Trường Đại học Công nghiệp TP. Hồ Chí Minh